Statistics for Oscar Best Directors Quiz

Click here to take the quiz!

General Stats

  • This quiz has been taken 21,780 times
    (1,660 since last reset)
  • The average score is 30 of 70

Answer Stats

Year Movie Director % Correct
1994, 1999Schindler's List, Saving Private RyanSteven Spielberg
93%
1993, 2005Unforgiven, Million Dollar BabyClint Eastwood
86%
2007The DepartedMartin Scorsese
84%
1998TitanicJames Cameron
83%
2004The Lord of the Rings: Return of the KingPeter Jackson
80%
1996BraveheartMel Gibson
77%
2008No Country for Old MenEthan Coen
76%
2008No Country for Old MenJoel Coen
76%
1975The Godfather Part IIFrancis Ford Coppola
75%
2006, 2013Brokeback Mountain, Life of PiAng Lee
71%
1991Dances with WolvesKevin Costner
70%
1978Annie HallWoody Allen
68%
2018The Shape of WaterGuillermo del Toro
63%
2010The Hurt LockerKathryn Bigelow
62%
1987, 1990Platoon, Born on the Fourth of JulyOliver Stone
61%
2014, 2019Gravity, RomaAlfonso Cuarón
60%
2003The PianistRoman Polanski
60%
2020ParasiteBong Joon-ho
58%
2000American BeautySam Mendes
56%
2015, 2016Birdman, The RevenantAlejandro González
Iñárritu
55%
2009Slumdog MillionaireDanny Boyle
54%
1995Forrest GumpRobert Zemeckis
54%
1981Ordinary PeopleRobert Redford
52%
1936, 1941, 1942, 1953The Informer, The Grapes of Wrath, How Green Way My Valley, The Quiet ManJohn Ford
50%
2002A Beautiful MindRon Howard
50%
2017La La LandDamien Chazelle
46%
1976, 1985One Flew over the Cuckoo's Nest, AmadeusMilos Forman
45%
1983GandhiRichard Attenborough
43%
1982RedsWarren Beatty
42%
2001TrafficSteven Soderbergh
42%
1992The Silence of the LambsJonathan Demme
42%
1945, 1961The Lost Weekend, The ApartmentBilly Wilder
41%
1935, 1937, 1939It Happened One Night, Mr. Deeds Goes to Town, You Can't Take It with YouFrank Capra
40%
1958, 1963The Bridge on the River Kwai, Lawrence of ArabiaDavid Lean
39%
2011The King's SpeechTom Hooper
38%
1968The GraduateMike Nichols
37%
1949The Treasure of the Sierra MadreJohn Huston
37%
1948, 1955Gentleman's Agreement, On the WaterfrontElia Kazan
37%
1988The Last EmperorBernardo Bertolucci
36%
1986Out of AfricaSydney Pollack
33%
1979The Deer HunterMichael Cimino
33%
1973CabaretBob Fosse
32%
1943, 1947, 1960Mrs. Miniver, The Best Years of Our Lives, Ben-HurWilliam Wyler
32%
1944CasablancaMichael Curtiz
31%
1997The English PatientAnthony Minghella
31%
1952, 1957A Place in the Sun, GiantGeorge Stevens
29%
1959GigiVincente Minnelli
29%
1989Rain ManBarry Levinson
29%
2012The ArtistMichel Hazanavicius
28%
1962, 1966West Side Story, The Sound of MusicRobert Wise
28%
1974The StingGeorge Roy Hill
28%
1940Gone with the WindVictor Fleming
28%
1984Terms of EndearmentJames L. Brooks
27%
1972The French ConnectionWilliam Friedkin
27%
1950, 1951A Letter to Three Wives, All About EveJoseph L. Mankiewicz
27%
1965My Fair LadyGeorge Cukor
25%
1977RockyJohn G. Avildsen
25%
1954, 1967From Here to Eternity, A Man for All SeasonsFred Zinnemann
23%
1970Midnight CowboyJohn Schlesinger
23%
1980Kramer vs. KramerRobert Benton
22%
1962West Side StoryJerome Robbins
21%
1964Tom JonesTony Richardson
21%
1969Oliver!Carol Reed
21%
1929, 1931Two Arabian Nights, All Quiet on the Western FrontLewis Milestone
21%
1956MartyDelbert Mann
20%
1971PattonFranklin J. Schaffner
19%
1930, 1934The Divine Lady, CavalcadeFrank Lloyd
19%
1929, 1933Seventh Heaven, Bad GirlFrank Borzage
19%
1938, 1945The Awful Truth, Going My WayLeo McCarey
17%
1932SkippyNorman Taurog
16%

Score Distribution

Percentile by Number Answered

Percent of People with Each Score

Your Score History

You have not taken this quiz since the last reset